000 00780nab a2200241 u 4500
001 20734
003 HDC
007 cr bn ---aaaaa
008 210306c |r|noo 0 a d
040 _aHDC
245 0 _aOPPORTUNITY FOR THAI HALAL PRODUCT TO AEC
260 _a[No place] :
_b[publisher not identified],
_c2016
336 _atext
_2rdacontent
337 _acomputer
_2rdamedia
338 _aonline resource
_2rdacarrier
650 _aHalal certificate
_9482
650 _aHalal product
_948
710 _aASIA FOOD BEVERAGE
856 _zRequest full-text at [email protected]
942 _2lcc
942 _cNEWS
942 _kNWSO 010085
999 _c18050
_d18050